[Event "Saarbruecken-chT U20"]
[Site "Saarbruecken"]
[Date "2006.11.23"]
[Round "5.8"]
[White "Richter, Janina"]
[Black "Schultheiss, Vera"]
[Result "0-1"]
[WhiteElo "1019"]
[BlackElo "1481"]
[PlyCount "46"]
[EventDate "2006.11.??"]
[EventType "team"]
[EventRounds "7"]
[EventCountry "GER"]
[SourceTitle "EXT 2008"]
[Source "ChessBase"]
[SourceDate "2007.11.25"]
[SourceVersion "1"]
[SourceVersionDate "2007.11.25"]
[SourceQuality "1"]

1. e4 e5 2. Bc4 Nc6 3. Nc3 Bc5 4. Nf3 d6 5. h3 Be6 6. d3 Qd7 7. Bxe6 fxe6 8. 0-0 0-0-0 9. Bd2 Nf6 10. Ne2 h6 11. a3 g5 12. b4 Bb6 13. c4 Qg7 14. Nh2 Rde8 15. Nc3 h5 16. Na4 Bd4 17. Bc3 g4 18. h4 g3 19. Kh1 gxh2 20. Rg1 hxg1Q+ 21. Qxg1 Ng4 22. Bxd4 Nxd4 23. Ra2 Rh6 0-1